000 02120cam a22004574i 4500
003 PE-LiUPU
005 20250731172901.0
008 170109s2015 txu rb 000 0 eng d
020 _a1481303007
020 _a9781481303002
035 _a(Sirsi) a165915
040 _aPE-LiUPU
_bspa
_cPE-LiUPU
_erda
049 _aPRUA
082 0 4 _a227.06
_bK32
_223
100 1 _aKeck Leander,
_eautor.
245 1 0 _aChrist´s First Theologian, the shape of Paul´s Thought: /
_cLeander Keck.
264 1 _aWaco :
_bBaylor University Press,
_c2015.
300 _a360 páginas;
_c24 centimetros
336 _atext
_2rdacontent
337 _aunmediated
_2rdamedia
338 _avolume
_2rdacarrier
504 _aBibliografía páginas 325-342.
505 0 4 _aAImages of Paul in the New Testament -- Paul the Jew -- The quest for Paul's Pharisaism -- The Jewish Paul among the Gentiles -- The problem of Paul's continuing Jewishness -- Paul and apocalyptic theology -- Paul as thinker -- The logic of Paul's soteriology -- Paul's understanding of freedom -- The accountable self -- God, the other, who acts otherwise -- Justification of the ungodly and ethics -- What makes Romans tick? -- Good news for us Gentiles -- Pathos in Romans? -- The post-Pauline interpretation of Jesus' death in Romans 5:6-7 -- The absent good (Romans 7:18a) -- What to do with Paul? -- Is Matthew Arnold also among the prophets? -- What if Paul is right? -- Faith seeking canonical understanding.
526 _aSEG42
526 _aSEG41
526 _aSEG40
526 _aSEG39
526 _aP94
526 _aP87
526 _aP86
526 _aP85
526 _aP77
526 _aP76
526 _aP35
650 0 4 _aReligión.
_95128
650 0 4 _aRELIGION
_xEstudios Bíblicos
_xNuevo Testamento.
596 _a1
942 _2ddc
_cBOOK
999 _a227.06 K32
_wLC
_c14651
_i75536
_d14651
_e2017-10-29
_f2021-11-9
_g5
_lCCODEBUL1
_mBUL
_n1
_p10.00
_q1
_r0
_sY
_tBOOK
_u2017-1-9
_xTEOLOGIA
_PP85
_0COMPRA
_o.STAFF. Colección Teología
980 _81
_gALBERTO SANCHEZ Responsable de Automatización